|
|
|
|
| LEADER |
04076nam a2200889 i 4500 |
| 001 |
nkc20132434256 |
| 003 |
CZ PrNK |
| 005 |
20160226102443.0 |
| 007 |
ta |
| 008 |
130101s2015 xr a f 001 0 cze |
| 015 |
|
|
|a cnb002434256
|
| 020 |
|
|
|a 978-80-7419-096-4
|q (brožováno) :
|c Kč 410,00
|
| 035 |
|
|
|a (OCoLC)939571075
|
| 040 |
|
|
|a BOA001
|b cze
|d ABA001
|e rda
|
| 043 |
|
|
|a e-cs---
|a e-xr---
|
| 045 |
|
|
|a x4x8
|
| 072 |
|
7 |
|a 316.3
|x Globální společnosti. Sociální struktura. Sociální skupiny
|2 Konspekt
|9 18
|
| 080 |
|
|
|a 316.346.2-055.2
|2 MRF
|
| 080 |
|
|
|a 316.662
|2 MRF
|
| 080 |
|
|
|a 316.323.7
|2 MRF
|
| 080 |
|
|
|a 316.423.6-055.2
|2 MRF
|
| 080 |
|
|
|a 316.66
|2 MRF
|
| 080 |
|
|
|a 316.663
|2 MRF
|
| 080 |
|
|
|a 316.66-055.1/.3
|2 MRF
|
| 080 |
|
|
|a (437)
|2 MRF
|
| 080 |
|
|
|a (437.3)
|2 MRF
|
| 080 |
|
|
|a (048.8:082)
|2 MRF
|
| 100 |
1 |
|
|a Hanáková, Petra,
|d 1974 červenec 6.-
|7 js20060120023
|4 aut
|
| 245 |
1 |
0 |
|a Vyvlastněný hlas: proměny genderové kultury české společnosti 1948-1989 /
|c Hana Havelková, Libora Oates-Indruchová (eds.) ; další autorky a autoři: Petra Hanáková, Barbara Havelková, Kateřina Kolářová, Petra Klvačová, Jan Matonoha, Denisa Nečasová, Petr Roubal, Věra Sokolová, Veronika Šprincová, Ivan Vodochodský, Kateřina Zábrodská
|
| 246 |
3 |
0 |
|a Proměny genderové kultury české společnosti 1948-1989
|
| 246 |
1 |
8 |
|a Vyvlastněný hlas
|
| 250 |
|
|
|a Vydání první
|
| 264 |
|
1 |
|a Praha :
|b Sociologické nakladatelství,
|c 2015
|
| 300 |
|
|
|a 512 stran :
|b ilustrace ;
|c 20 cm
|
| 336 |
|
|
|a text
|b txt
|2 rdacontent
|
| 337 |
|
|
|a bez média
|b n
|2 rdamedia
|
| 338 |
|
|
|a svazek
|b nc
|2 rdacarrier
|
| 490 |
1 |
|
|a Post ;
|v 14. svazek
|
| 504 |
|
|
|a Obsahuje bibliografie, bibliografické odkazy a rejstříky
|
| 648 |
|
7 |
|a 1948-1989
|7 ch460661
|2 czenas
|
| 650 |
0 |
7 |
|a ženy
|7 ph127967
|z Česko
|y 1948-1989
|2 czenas
|
| 650 |
0 |
7 |
|a ženy
|7 ph127967
|x společenské postavení
|y 1948-1989
|2 czenas
|
| 650 |
0 |
7 |
|a socialismus
|7 ph125740
|z Československo
|2 czenas
|
| 650 |
0 |
7 |
|a ženská emancipace
|7 ph127961
|z Česko
|y 1948-1989
|2 czenas
|
| 650 |
0 |
7 |
|a sociální identita
|7 ph210140
|z Česko
|y 1948-1989
|2 czenas
|
| 650 |
0 |
7 |
|a sexuální role
|7 ph137288
|z Česko
|y 1948-1989
|2 czenas
|
| 650 |
0 |
7 |
|a gender
|7 ph175751
|z Česko
|y 1948-1989
|2 czenas
|
| 650 |
0 |
9 |
|a women
|z Czechia
|y 1948-1989
|2 eczenas
|
| 650 |
0 |
9 |
|a women
|x social status
|y 1948-1989
|2 eczenas
|
| 650 |
0 |
9 |
|a socialism
|z Czechoslovakia
|2 eczenas
|
| 650 |
0 |
9 |
|a emancipation of women
|z Czechia
|y 1948-1989
|2 eczenas
|
| 650 |
0 |
9 |
|a social identity
|z Czechia
|y 1948-1989
|2 eczenas
|
| 650 |
0 |
9 |
|a sex role
|z Czechia
|y 1948-1989
|2 eczenas
|
| 650 |
0 |
9 |
|a gender
|z Czechia
|y 1948-1989
|2 eczenas
|
| 655 |
|
7 |
|a kolektivní monografie
|7 fd501537
|2 czenas
|
| 655 |
|
9 |
|a collective monographs
|2 eczenas
|
| 700 |
1 |
|
|a Havelková, Hana,
|d 1949-2020
|7 jn99240000273
|4 edt
|
| 700 |
1 |
|
|a Oates-Indruchová, Libora,
|d 1965-
|7 ola2004220077
|4 edt
|
| 700 |
1 |
|
|a Havelková, Barbara,
|d 1980-
|7 mzk2007401326
|4 aut
|
| 700 |
1 |
|
|a Kolářová, Kateřina,
|d 1976-
|7 js20040216004
|4 aut
|
| 700 |
1 |
|
|a Klvačová, Petra,
|d 1972-
|7 xx0013891
|4 aut
|
| 700 |
1 |
|
|a Matonoha, Jan,
|d 1977-
|7 ola2004212145
|4 aut
|
| 700 |
1 |
|
|a Nečasová, Denisa,
|d 1974-
|7 jo2009480374
|4 aut
|
| 700 |
1 |
|
|a Roubal, Petr,
|d 1975-
|7 mzk2004252217
|4 aut
|
| 700 |
1 |
|
|a Sokolová, Věra,
|d 1970-
|7 js20040216003
|4 aut
|
| 700 |
1 |
|
|a Šprincová, Veronika
|7 jo2013741617
|4 aut
|
| 700 |
1 |
|
|a Vodochodský, Ivan,
|d 1974-
|7 js20080201006
|4 aut
|
| 700 |
1 |
|
|a Zábrodská, Kateřina,
|d 1979-
|7 xx0100169
|4 aut
|
| 830 |
|
0 |
|a Post (Sociologické nakladatelství)
|0 s
|
| 856 |
4 |
1 |
|u https://www.digitalniknihovna.cz/mzk/uuid/uuid:e85370a0-2001-11ea-a83e-005056827e51
|y Digitalizovaný dokument
|x NDK
|
| 910 |
2 |
|
|a BOA001
|b 1-1360.007
|
| 928 |
9 |
|
|a Sociologické nakladatelství (SLON)
|
| 990 |
|
|
|a BK
|
| 995 |
|
|
|a 01
|
| 991 |
|
|
|b 201601
|c NOV
|
| 996 |
6 |
|
|b 2610655350
|c 1-1360.007
|l MZK
|r Sklad / do 1 hodiny
|n 34
|p p.v.
|w 001538223
|u 000010
|a 1
|e BOA001
|j MZK50
|s P
|
| 996 |
7 |
|
|b 2610659273
|c 1-1360.007
|l MZK
|r Sklad / do 1 hodiny
|n 43
|p kup
|w 001538223
|u 000020
|a 1
|e BOA001
|j MZK50
|s A
|